[Super Mario Galaxy 2] Prankster Comet Type by Galaxy - Statistics

General Stats
  • This quiz has been taken 32 times
  • The average score is 40 of 49
Answer Stats
Question Answer % Correct
Spin-Dig Galaxy Daredevil
100%
Flip-Swap Galaxy Purple
100%
Yoshi Star Galaxy Romp
100%
Sky Station Galaxy Speedy
100%
Fluffy Bluff Galaxy This galaxy has no Prankster Comet
100%
Cloudy Court Galaxy Clone
83%
Chompworks Galaxy Clone
83%
Flip-Out Galaxy Clone
83%
Bowser Jr.'s Fearsome Fleet Daredevil
83%
Slipsand Galaxy Daredevil
83%
Bowser Jr.'s Boom Bunker Daredevil
83%
Battle Belt Galaxy Daredevil
83%
Beat Block Galaxy Double Time
83%
Twisty Trials Galaxy Double Time
83%
Tall Trunk Galaxy Purple
83%
Starshine Beach Galaxy Purple
83%
Clockwork Ruins Galaxy Purple
83%
Mario Squared Galaxy Purple
83%
Rolling Coaster Galaxy Purple
83%
Shiverburn Galaxy Romp
83%
Hightail Falls Galaxy Speedy
83%
Bowser's Lava Lair Speedy
83%
Rolling Masterpiece Galaxy Speedy
83%
Bowser's Gravity Gauntlet Speedy
83%
Throwback Galaxy Speedy
83%
Bowser's Galaxy Generator Speedy
83%
Boss Blitz Galaxy Speedy
83%
Rightside Down Galaxy This galaxy has no Prankster Comet
83%
Cosmic Cove Galaxy This galaxy has no Prankster Comet
83%
Wild Glide Galaxy This galaxy has no Prankster Comet
83%
Honeybloom Galaxy This galaxy has no Prankster Comet
83%
Freezy Flake Galaxy This galaxy has no Prankster Comet
83%
Honeyhop Galaxy This galaxy has no Prankster Comet
83%
Space Storm Galaxy This galaxy has no Prankster Comet
83%
Boo Moon Galaxy This galaxy has no Prankster Comet
83%
Upside Dizzy Galaxy This galaxy has no Prankster Comet
83%
Fleet Glide Galaxy This galaxy has no Prankster Comet
83%
Melty Monster Galaxy This galaxy has no Prankster Comet
83%
Slimy Spring Galaxy This galaxy has no Prankster Comet
83%
Haunty Halls Galaxy Clone
67%
Grandmaster Galaxy Daredevil
67%
Flipsville Galaxy Purple
67%
Sweet Mystery Galaxy Purple
67%
Boulder Bowl Galaxy Romp
67%
Flash Black Galaxy Romp
67%
Bowser Jr.'s Fiery Flotilla Speedy
67%
Supermassive Galaxy Speedy
67%
Stone Cyclone Galaxy Speedy
67%
Puzzle Plank Galaxy Purple
50%
No matching quizzes found
Score Distribution
Percent of People with Each Score
Percentile by Number Answered
Your Score History
You have not taken this quiz